| 000 | 00469nam a22001937a 4500 | ||
|---|---|---|---|
| 003 | LK-CoDNM | ||
| 005 | 20250108124834.0 | ||
| 008 | 250102b |||||||| |||| 00| 0 eng d | ||
| 040 |
_aLK-CoDNM _dLK-CoDNM _eLK-CoDNM |
||
| 041 | _aeng | ||
| 080 |
_a4 _bS42 |
||
| 100 | _aNicholson, E.M. | ||
| 245 | _aHow birds live | ||
| 260 |
_c1927 _aLondon _bWilliams & Norgate Ltd |
||
| 300 | _bxvi, 150p. : ill ; 24 cm | ||
| 650 | _aScience | ||
| 650 | _a1927 | ||
| 942 | _cBK | ||
| 999 |
_c235531 _d235531 |
||